logo

Bir Sreshtho Munshi Abdur Rouf Library
Jhenaidah Cadet College

দ্য এক্স ফাইলস / (Record no. 1082)

MARC details
000 -LEADER
fixed length control field 00729nam a2200241 a 4500
001 - CONTROL NUMBER
JCCL Control Number 1082
003 - CONTROL NUMBER IDENTIFIER
JCCL marc code BD-JhCC
005 - DATE AND TIME OF LATEST TRANSACTION
control field 20171015183903.0
008 - FIXED-LENGTH DATA ELEMENTS--GENERAL INFORMATION
fixed length control field 171014s1999 b ||||| |||| 00| 0 b d
020 ## - INTERNATIONAL STANDARD BOOK NUMBER
International Standard Book Number 984810657X
035 ## - SYSTEM CONTROL NUMBER
system control number (BD-JhCC)1082
040 ## - CATALOGING SOURCE
Original cataloging agency BD-JhCC
Modifying agency BD-JhCC
041 ## - LANGUAGE CODE
Language code of Book ben
082 ## - DEWEY DECIMAL CLASSIFICATION NUMBER
DDC Edition number 23
Classification number 320
Author mark and Year MAR 1999
100 ## - MAIN ENTRY--PERSONAL NAME
Personal name মার্টিন, লেস
245 ## - TITLE STATEMENT
Title দ্য এক্স ফাইলস /
Statement of responsibility, etc লেস মার্টিন; আহমদ জামান (অনু.)
260 ## - PUBLICATION, DISTRIBUTION, ETC. (IMPRINT)
Place of publication, distribution, etc ঢাকা :
Name of publisher, distributor, etc অ.আ. প্রকাশন
Date of publication, distribution, etc ১৯৯৯
300 ## - PHYSICAL DESCRIPTION
Pagination 80 p. :
Dimensions 22cm.
650 ## - SUBJECT ADDED ENTRY--TOPICAL TERM
Topical term or geographic name as entry element Polictics
700 ## - ADDED ENTRY--PERSONAL NAME
Personal name জামান, আহমদ
942 ## - ADDED ENTRY ELEMENTS (KOHA)
Source of classification or shelving scheme Dewey Decimal Classification
Koha item type Books
Holdings
Source of classification or shelving scheme Damaged status Not for loan Home library Current library Shelving location Cost, normal purchase price Total Checkouts Full call number Barcode Date last seen Copy number Koha item type
Dewey Decimal Classification     JCC Rouf Library JCC Rouf Library General Stacks 50.00   320 MAR 1999 2061 10/14/2017 C-1 Books

JCC Library | Contacts | JCC Home

Last Update on 23 September 2017
Copyright @ 2017-2020 JCC Rouf Library
Rouf Library, Jhenidah Cadet College (JCC), Bangladesh